000 00746nam a2200253Ia 4500
003 OSt
005 20220918171421.0
006 a|||||r|||| 00| 0
007 ta
008 220917b |||||||| |||| 00| 0 eng d
020 _a9781781688885 (pbk)
_c971.42
024 _a289,253
037 _b121, 19/03/2016, Mallika Books
_cTextual
040 _aARTS
_cARTS
_beng
041 _2eng
_aeng
082 _aSM9xN01:g, Q5
100 _aCopjec Joan
_936454
245 0 _aRead my desire
_b Lacan against the historicists
260 _aLondon
_bVerso UK
_c2015
300 _ax, 272p.
_ccm.
650 _aPSYCHOLOGY
942 _hSM9xN01:g, Q5
_cTEXL
_2CC
999 _c139492
_d139492